Gower and Davies’ principles of modern company law (Record no. 40711)

MARC details
000 -LEADER
fixed length control field 00462nam a2200193Ia 4500
020 ## - INTERNATIONAL STANDARD BOOK NUMBER
ISBN 9788190366489
050 ## - CALL MARK
Classification number KN 261 .D2/
100 ## - STATEMENT OF RESPONSIBILITY--MAIN AUTHOR NAME
Personal name Davies, Paul L.
245 #0 - TITLE STATEMENT
Title Gower and Davies’ principles of modern company law
250 ## - EDITION / VOLUME STATEMENT
Edition / Volume statement 8th ed.
260 ## - PUBLICATION, DISTRIBUTION, ETC. (IMPRINT)
Place of publication London
260 ## - PUBLICATION, DISTRIBUTION, ETC. (IMPRINT)
Name of publisher Sweet & Maxwell.
260 ## - PUBLICATION, DISTRIBUTION, ETC. (IMPRINT)
Year of publication 2008
300 ## - PHYSICAL DESCRIPTION
Number of Pages 1258 p
650 ## - SUBJECT ADDED ENTRY--TOPICAL TERM
Topical Term London
942 ## - ADDED ENTRY ELEMENTS (KOHA)
Koha item type Books
Holdings
Withdrawn status Lost status Damaged status Not for loan Permanent Location Current Location Shelving location Date acquired Accession Number Price effective from Koha item type
        NILE UNIVERSITY OF NIGERIA - MAIN LIBRARY NILE UNIVERSITY OF NIGERIA - MAIN LIBRARY Items on shelf 06/03/2025 0011968 06/03/2025 Books
        NILE UNIVERSITY OF NIGERIA - MAIN LIBRARY NILE UNIVERSITY OF NIGERIA - MAIN LIBRARY Items on shelf 06/03/2025 0011969 06/03/2025 Books